00309nam a22001337a 4500003000400000020001800004082001800022100002600040245003800066250000800104260004100112300000800153650001400161SGT a9789389188479 a611.018bM20M aMondal, Santosh Kumar aManual of Histological techniques a2nd aNew Delhi, IndiabJaypee Pub. c2020 a255 aHistology